00846nam a2200241Ia 450000500170000000800410001702000150005810000290007324501040010225000190020630000440022549000260026965000500029565000500034565000350039570000160043026400240044633600270047033700330049733800280053004000350055808400110059320220317001206.0160825s1999 sp a g 000 0 spa  a84372235711 aSatoshi, Kitamurad1956-10aPor el hilo se saca el ovilloctexto e ilustraciones Satoshi Kitamura ; traducción de P. Rozarena a1a. edición  a[30] páginas bilustraciones c27 cm  aHistorias para dormir142LEMBaCuentos infantiles japoneses ySiglo XX142LEMBaLiteratura infantil japonesa ySiglo XX142LEMBaOvejas en la literatura 1 aRozarena, P aMadridbAlteac1999 atextobtxt2rdacontent asin mediaciónbn2rdamedia avolumenbnc2rdacarrier aCO-BoRNBPbspaerdacCO-BoRNBP aC SAT1